Derecho social español

Tallennettuna:
Bibliografiset tiedot
Päätekijä: Menéndez Pidal, Juan (autor)
Aineistotyyppi: Kirja
Kieli:espanja
Julkaistu: Madrid Revista de Derecho Privado 1952
Sarja:G. Manuales de Derecho, Economía y Hacienda, 26
Aiheet:
Tagit: Lisää tagi
Ei tageja, Lisää ensimmäinen tagi!

MARC

LEADER 00000nam a2200000 a 4500
001 UCS2321
003 CL-VaPUC
008 970523e19520000SP |||||||||||||||||spa|d
082 0 4 |a 344.02  |b MEN  |2 21 
100 |a Menéndez Pidal, Juan  |e autor  |9 419893 
245 1 0 |a Derecho social español 
300 |a 2 v 
942 |c BK 
945 |d 19970523 00:00:00  |a cmena 
260 |a Madrid  |b Revista de Derecho Privado  |c 1952 
650 7 |a DERECHO LABORAL  |2 CL-VaPUC  |9 15 
650 0 |a Seguridad social  |9 255322 
650 0 |a Bienestar social   |9 255298 
650 0 |a Jurisprudencia  |9 255952 
650 0 |a Derechos humanos  |9 223025 
650 0 |a Derecho internacional  |9 255637 
650 0 |a Responsabilidad del estado  |9 258115 
650 0 |a Sindicatos  |9 255034 
650 7 |a CONTRATO DE TRABAJO  |2 CL-VaPUC  |9 387635 
650 7 |a EMPRESARIOS  |2 CL-VaPUC  |9 315086 
650 0 |a Negociación colectiva  |9 312433 
651 0 |a España  |9 254926 
583 |a last modification  |c 20170712 03:59:46  |k Rodrigo Vera 
490 0 |a G. Manuales de Derecho, Economía y Hacienda, 26 
999 |c 260293  |d 260291 
952 |0 0  |1 0  |4 0  |6 344_020000000000000_MEN_1952  |7 0  |8 A  |9 286262  |a BIBDER  |b BIBDER  |d 2019-11-19  |h v.1  |i 1860534  |o 344.02 MEN 1952  |p 1860534  |r 2023-01-25  |w 2019-11-19  |y BK  |k DER 
952 |0 0  |1 0  |4 0  |6 344_020000000000000_MEN_1952  |7 0  |8 A  |9 286263  |a BIBDER  |b BIBDER  |d 2019-11-19  |h v.2  |i 1860542  |o 344.02 MEN 1952  |p 1860542  |r 2023-01-25  |w 2019-11-19  |y BK  |k DER